Understanding psychology / (Record no. 18409)
[ view plain ]
| 000 -LEADER | |
|---|---|
| fixed length control field | 00835nam a22002535a 4500 |
| 005 - DATE AND TIME OF LATEST TRANSACTION | |
| control field | 20201128021101.0 |
| 008 - FIXED-LENGTH DATA ELEMENTS--GENERAL INFORMATION | |
| fixed length control field | 140925t2013 nyua frbd 001 0 eng d |
| 020 ## - INTERNATIONAL STANDARD BOOK NUMBER | |
| International Standard Book Number | 9780071314824 |
| 020 ## - INTERNATIONAL STANDARD BOOK NUMBER | |
| International Standard Book Number | 0071314822 |
| 040 ## - CATALOGING SOURCE | |
| Original cataloging agency | EG-ScBUE |
| Language of cataloging | eng |
| Transcribing agency | EG-ScBUE |
| Modifying agency | EG-ScBUE |
| 082 04 - DEWEY DECIMAL CLASSIFICATION NUMBER | |
| Classification number | 150 |
| Item number | FEL |
| Edition number | 22 |
| 100 1# - MAIN ENTRY--PERSONAL NAME | |
| Personal name | Feldman, Robert S. |
| 9 (RLIN) | 1222 |
| Dates associated with a name | 1947- |
| Fuller form of name | (Robert Stephen), |
| 245 10 - TITLE STATEMENT | |
| Title | Understanding psychology / |
| Statement of responsibility, etc | Robert S. Feldman. |
| 250 ## - EDITION STATEMENT | |
| Edition statement | 11th ed., International student ed. |
| 260 ## - PUBLICATION, DISTRIBUTION, ETC. (IMPRINT) | |
| Place of publication, distribution, etc | New York : |
| Name of publisher, distributor, etc | McGraw-Hill, |
| Date of publication, distribution, etc | c.2013 |
| Manufacturer | ([Acid-Free Paper]) |
| 300 ## - PHYSICAL DESCRIPTION | |
| Extent | 1 v. (various pagings) : |
| Other physical details | ill. (col.) ; |
| Dimensions | 28 cm. |
| 500 ## - GENERAL NOTE | |
| General note | Includes Glossary. |
| 500 ## - GENERAL NOTE | |
| General note | Includes Appendix. |
| 504 ## - BIBLIOGRAPHY, ETC. NOTE | |
| Bibliography, etc | Includes bibliographical reference and index. |
| 650 #7 - SUBJECT ADDED ENTRY--TOPICAL TERM | |
| Topical term or geographic name as entry element | Psychology. |
| Source of heading or term | BUEsh |
| 651 ## - SUBJECT ADDED ENTRY--GEOGRAPHIC NAME | |
| Source of heading or term | BUEsh |
| 653 ## - INDEX TERM--UNCONTROLLED | |
| Resource For college | Humanities: Psychology |
| Arrived date list | August2015 |
| 942 ## - ADDED ENTRY ELEMENTS (KOHA) | |
| Source of classification or shelving scheme | Dewey Decimal Classification |
| Withdrawn status | Item status | Source of classification or shelving scheme | Damaged status | Not for loan | Vendor | Home library | Current library | Shelving location | Date acquired | Source of acquisition | Cost, normal purchase price | Total Checkouts | Full call number | Barcode | Date last seen | Cost, replacement price | Koha item type | Total Renewals | Date last borrowed | Public note | Checked out |
|---|---|---|---|---|---|---|---|---|---|---|---|---|---|---|---|---|---|---|---|---|---|
| Dewey Decimal Classification | Baccah | Central Library | Central Library | Lower Floor | 25/09/2014 | 260.00 | 150 FEL | 000036365 | 15/07/2025 | 325.00 | NB - Book (Non borrowing) | ||||||||||
| Lost in Library | Dewey Decimal Classification | Baccah | Central Library | Central Library | Lower Floor | 25/09/2014 | 260.00 | 19 | 150 FEL | 000036366 | 30/09/2018 | 325.00 | Book - Borrowing | 12 | 26/09/2018 | ||||||
| Dewey Decimal Classification | Baccah | Central Library | Central Library | Lower Floor | 25/09/2014 | 260.00 | 30 | 150 FEL | 000036367 | 15/07/2025 | 325.00 | Book - Borrowing | 46 | 17/03/2025 | little damaged | ||||||
| Dewey Decimal Classification | Baccah | Central Library | Central Library | Lower Floor | 25/09/2014 | Purchase | 260.00 | 25 | 150 FEL | 000057063 | 15/07/2025 | 325.00 | Book - Borrowing | 21 | 17/11/2020 | Replacment by 000036368 | |||||
| Lost & Replaced | Dewey Decimal Classification | Baccah | Central Library | Central Library | Lower Floor | 25/09/2014 | Purchase | 260.00 | 2 | 150 FEL | 000036369 | 08/08/2018 | 325.00 | Book - Borrowing | 2 | 03/12/2014 | |||||
| Lost and Paid For | Dewey Decimal Classification | Baccah | Central Library | Central Library | Lower Floor | 25/09/2014 | 260.00 | 24 | 150 FEL | 000036370 | 15/08/2024 | 325.00 | Book - Borrowing | 47 | 03/11/2020 | ||||||
| Dewey Decimal Classification | Baccah | Central Library | Central Library | Lower Floor | 25/09/2014 | 260.00 | 26 | 150 FEL | 000036371 | 16/12/2025 | 325.00 | Book - Borrowing | 94 | 07/12/2021 | |||||||
| Dewey Decimal Classification | Baccah | Central Library | Central Library | Lower Floor | 25/09/2014 | 260.00 | 30 | 150 FEL | 000036372 | 15/07/2025 | 325.00 | Book - Borrowing | 56 | 25/11/2020 | |||||||
| Dewey Decimal Classification | Baccah | Central Library | Central Library | Lower Floor | 25/09/2014 | 260.00 | 3 | 150 FEL | 000036373 | 15/07/2025 | 325.00 | Book - Borrowing | 24 | 07/02/2015 | |||||||
| Dewey Decimal Classification | Baccah | Central Library | Central Library | Lower Floor | 25/09/2014 | 260.00 | 2 | 150 FEL | 000036374 | 09/09/2015 | 325.00 | Book - Borrowing | 1 | 09/09/2015 | 08/02/2017 | ||||||
| Dewey Decimal Classification | unknown | Central Library | Central Library | Lower Floor | 26/09/2018 | Purchase | 13 | 150 FEL | 000043600 | 15/07/2025 | Book - Borrowing | 19 | 01/12/2021 |